000 00388nam a2200133Ia 4500
008 230917s9999||||xx |||||||||||||| ||und||
040 _e158125
_aMAIN
041 _aEnglish
082 _a796.01 I3S
100 _aIswar Singh
245 0 _aStress and general depression among university sports person in respect of their gender and socio-economic status
300 _a177 p.
942 _cTH
999 _c89479
_d89479